NBS sa postavila za druhý pilier guvernér Šramko tvrdí, že druhý pilier bude ...

Bibliographic Details
Main Author: Jančík, Ľuboš (Author)
Format: Article
Language:Slovak
PhysicalDescription:Fotogr.
ISSN:1335-440X
Subjects:

MARC

LEADER 00000nab a2200000 ar4500
001 vtls009151392
003 SK-MaSNL
005 20260426102957.0
008 071019c20070913xo dr|p|||||||000 b|slo
015 |a SNBRB2007/10  |2 snkbucl 
040 |a SNKBUCL  |b slo  |c SNKBUCL  |e AACR2 
041 0 |a slo 
044 |a xo  |c SK 
080 |a 336.711:368.914  |x (437.6)  |2 2001 
080 |a 368.914  |x (437.6)  |2 2001 
100 1 |a Jančík, Ľuboš  |4 aut  |9 839570 
245 1 0 |a NBS sa postavila za druhý pilier  |b guvernér Šramko tvrdí, že druhý pilier bude ...  |c Ľuboš Jančík 
246 3 |a Národná banka Slovenska sa postavila za druhý pilier 
300 |b Fotogr. 
500 |a Od 15.1.2007 návrat k pôvodnému vročeniu 
610 2 7 |a Národná banka Slovenska  |2 snkbucl  |9 14536 
650 0 7 |a dôchodkové poistenie  |2 snkbucl  |9 26984 
650 0 7 |a starobné dôchodkové sporenie  |2 snkbucl  |9 58138 
651 7 |a Slovensko  |2 snkbucl  |9 14231 
773 0 |t Sme  |g Roč. 15, č. 211 (13.9.2007), s. 6  |x 1335-440X 
852 |a SNK  |b KIS3GCP 
958 |a SK 
999 |c 3272321  |d 3274251